|
|
|
|
| LEADER |
00000nam0a2200000 4500 |
| 001 |
346038 |
| 005 |
20231102005837.0 |
| 010 |
|
|
|a 9785972905614
|
| 035 |
|
|
|a (RuTPU)RU\TPU\book\377894
|
| 090 |
|
|
|a 346038
|
| 100 |
|
|
|a 20210519d2021 m y0rusy50 ca
|
| 101 |
0 |
|
|a rus
|
| 102 |
|
|
|a RU
|
| 105 |
|
|
|a a j 001zy
|
| 200 |
1 |
|
|a Подготовка и переработка нефтей
|e учебное пособие
|f В. Г. Власов
|
| 210 |
|
|
|a Москва
|a Вологда
|c Инфра-Инженерия
|d 2021
|
| 215 |
|
|
|a 324 с.
|c ил.
|
| 320 |
|
|
|a Библиогр.: с. 300-303
|
| 330 |
|
|
|a Рассмотрены современные технологии подготовки и первичной переработки нефтей, а также вопросы модернизации и реконструкции соответствующих установок. Даны рекомендации по выбору и обоснованию ассортимента получаемых продуктов на установках ЭЛОУ-АВТ. Показаны варианты блоков установок ЭЛОУ-АВТ. Даны рекомендации по расчету материальных балансов блоков ЭЛОУ и АВТ, ректификационных колонн; выбору конструкции и расчету электродегидраторов, отбензинивающей и основной атмосферной колонн; экономическому обоснованию строительства, эксплуатации и реконструкции установок ЭЛОУ-АВТ; построению кривых ИТК, молярной массы, плотности и других физико-химических свойств нефтей, кривых ИТК и линий ОИ нефтяных фракций при атмосферном и повышенном давлениях и под вакуумом. Для студентов химико-технологических направлений подготовки. Может быть полезно специалистам в области нефтепереработки.
|
| 606 |
1 |
|
|a Нефть
|x Переработка глубокая
|2 stltpush
|3 (RuTPU)RU\TPU\subj\33829
|9 55954
|
| 610 |
1 |
|
|a добыча
|
| 610 |
1 |
|
|a промысловая подготовка
|
| 610 |
1 |
|
|a первичная перегонка
|
| 610 |
1 |
|
|a установки
|
| 610 |
1 |
|
|a технологические схемы
|
| 610 |
1 |
|
|a основное оборудование
|
| 610 |
1 |
|
|a технологический расчет
|
| 610 |
1 |
|
|a нефтяные фракции
|
| 610 |
1 |
|
|a колонны
|
| 610 |
1 |
|
|a учебные пособия
|
| 675 |
|
|
|a 665.62(075.8)
|v 4
|
| 700 |
|
1 |
|a Власов
|b В. Г.
|g Вячеслав Григорьевич
|
| 801 |
|
1 |
|a RU
|b 63413507
|c 20210519
|
| 801 |
|
2 |
|a RU
|b 63413507
|c 20220512
|g RCR
|
| 942 |
|
|
|c BK
|
| 959 |
|
|
|a 5/20210519
|d 4
|e 1740,00
|f УФ:4
|
| 959 |
|
|
|a 5/20220404
|d 3
|e 1740,00
|f УФ:3
|